000 00381nam a2200145Ia 4500
005 20251222175920.0
008 251222s9999||||xx |||||||||||||| ||spa||
020 _a8495545748
082 _a345.08/A44
100 _aAlmazán Serrano, Ana
245 0 _aDerecho Penal de Menores
250 _a1ra. ed.
264 _bDifusión Jurídica y Temas de Actualidad, S.A.
942 _cLIB
999 _c40646
_d40646